| 000 | 00720nam a22002177a 4500 | ||
|---|---|---|---|
| 999 |
_c20933 _d20933 |
||
| 003 | AR-CdUCM | ||
| 008 | 190607b ||||| |||| 00| 0 spa d | ||
| 040 |
_aMUNICIPALIDAD PROVINCIAL DEL CUSCO _cBIBLIOTECA MUNICIPAL DEL CUSCO |
||
| 041 | _hger | ||
| 082 |
_a800 / _bB73 |
||
| 100 |
_aBonsels, Waldemar _943672 |
||
| 245 | _aMaya la abeja y sus aventuras / | ||
| 260 |
_aBarcelona ; _bJuventud, |
||
| 300 |
_a154 páginas ; _bIlustraciones, _c25 cm. |
||
| 505 | _aContenido: Cuento. | ||
| 650 |
_aCuento infantil _93319 |
||
| 650 |
_aCuento _94671 |
||
| 700 |
_aVinyals, J. (ilustraciones), Guerendiain, Carlos (traductor), Corral Casal, Carlos (versión literaria) _943673 |
||
| 942 |
_2ddc _cLIBROS |
||
| 945 | _aAndy | ||